000 00816nas a2200265 4500
001 BR2014007250
003 BR-BrBNA
005 20231205124723.0
007 ta
008 230509b bl.|||p| |||| 00| 00por d
040 _aBR-BrBNA
_bpor
_cBiblioteca Nacional de Agricultura
041 _a(Pt)
072 _aQ04
100 1 _aRibeiro, J.K.G.
100 1 _aSoares, F.B.
100 1 _aBezerra, D.S.
100 1 _aDimenstein, R.
245 1 _aNíveis de retinol em iogurtes naturais comercializados em supermercados de Natal/RN
650 _aIOGURTE
650 _aVITAMINA
650 _aCOMPOSIÇÃO QUÍMICA
773 0 _tRevista do Instituto Adolfo Lutz (Brazil)
_xISSN 0073-9855
_g(May-Aug 2007), v. 66(2) p. 120-124
_wBR2014007250
909 _a202311
_bLúcia
_c55
_dLúcia Elande
942 _2AGRIS
_n0
_cANA
999 _c240561
_d240561